| 000 | 00826 a2200229 4500 | ||
|---|---|---|---|
| 020 |
_a8126509627 _c449.00 |
||
| 035 | _aB-210725 | ||
| 037 | _bRP-M-11 / UBH-07-08:4 / RP-07-08:ENG | ||
| 082 | 1 | 4 | _a005.43 |
| 090 |
_c1932 _d1932 |
||
| 100 | 1 | _aSilberschatz, Abraham | |
| 245 | 1 |
_aOperating system principles _cby Abraham Silberschatz, Peter Baer Galvin , Greg Gagne |
|
| 250 | _a7th ed | ||
| 260 |
_aNew Delhi _bWiley India _c2006 |
||
| 270 |
_a4435/7, Ansari Road, Daryaganj _bNew Delhi _cDelhi _e110002 _k23260877 _l23275895 _mcsupport@wileyindia.com |
||
| 300 |
_axx, 896 p _c23 cm (pbk) |
||
| 500 | _aincludes biblography & index | ||
| 700 | _aGalvin, Peter Baer | ||
| 700 | _aGagne, Greg | ||
| 942 |
_adpl _cEN _k005.43 / SIL |
||
| 999 |
_c1900 _d1900 |
||